[Event "Corporation Centre Cup"]
[Site "Izhevsk RUS"]
[Date "2010.07.20"]
[Round "6"]
[White "Zaynutdinov,I"]
[Black "Shurunov,Ar"]
[Result "0-1"]
[WhiteElo "1998"]
[BlackElo "2149"]

1.d4 Nf6 2.Nf3 e6 3.c4 c5 4.d5 exd5 5.cxd5 d6 6.Nc3 g6 7.e4 Bg7 8.h3 O-O
9.Bd3 a6 10.a4 Re8 11.O-O Qc7 12.Nd2 Nbd7 13.Nc4 Nb6 14.Nxb6 Qxb6 15.a5 Qc7
16.Qb3 Bd7 17.Re1 Rac8 18.Bc4 h6 19.Bf4 Nh5 20.Bh2 Be5 21.Bxe5 Rxe5 22.Qc2 Qd8
23.Qd2 Qh4 24.Bf1 Kg7 25.Kh2 Qg5 26.Qxg5 hxg5 27.Re3 Rce8 28.Rae1 f5 29.exf5 Rxe3
30.f6+ Kxf6 31.Rxe3 Rxe3 32.fxe3 Ke5 33.g4 Nf6 34.Bd3 Be8 35.e4 Kd4 36.Bb1 Ke3
37.Kg3 Bf7 38.h4 Nd7 39.hxg5 Ne5 40.Na4 Be8 41.Nb6 Bd7 42.b3 Kd4 43.Kf4 Bxg4
44.Nc4 Nxc4 45.bxc4 Be2 46.e5 dxe5+ 47.Kg3 Bxc4 48.d6 Be6 49.Bxg6 Kd5 50.Kf3 Kxd6
51.Be4 Kc7 52.Ke3 b6 53.axb6+ Kxb6 54.Kd3 c4+ 55.Kc3 Kc5 56.g6 a5 57.g7 Bg8
58.Bc2 Kb5 59.Bb1 a4 60.Bc2 a3 61.Bb1 Kc5 62.Ba2 e4 63.Bb1 e3 64.Ba2 e2 65.Kd2 c3+
66.Kxe2 Bxa2 67.Kd3 Kb4  0-1

[Event "Corporation Centre Cup"]
[Site "Izhevsk RUS"]
[Date "2010.07.20"]
[Round "6"]
[White "Nasybullina,Alfia"]
[Black "Pershina,E"]
[Result "0-1"]
[WhiteElo "1916"]
[BlackElo "2028"]

1.d4 Nf6 2.Nf3 c5 3.d5 e6 4.c4 exd5 5.cxd5 d6 6.Nc3 Be7 7.e4 O-O 8.Bd3 Bg4
9.h3 Bxf3 10.Qxf3 Nbd7 11.O-O Ne5 12.Qe2 Nxd3 13.Qxd3 Ne8 14.f4 Bf6 15.Be3 a6
16.e5 dxe5 17.Bxc5 Be7 18.Bxe7 Qxe7 19.fxe5 Qxe5 20.Rae1 Qc7 21.Ne4 Rd8 22.Ng5 g6
23.Qd4 h6 24.Ne6 fxe6 25.Rxf8+ Kxf8 26.Qh8+ Ke7 27.Qh7+ Kd6 28.Rxe6+ Kxd5
29.Qxg6 Qc1+ 30.Kh2 Qf4+ 31.Kg1 Rd6 32.Rxd6+ Nxd6 33.Qc2 Qe3+  0-1

[Event "15th Open"]
[Site "Balaguer ESP"]
[Date "2010.07.24"]
[Round "6"]
[White "Bhat,V"]
[Black "Soumya,Sw"]
[Result "1-0"]
[WhiteElo "2536"]
[BlackElo "2281"]

1.d4 Nf6 2.c4 c5 3.d5 e6 4.Nc3 exd5 5.cxd5 d6 6.Nf3 g6 7.Nd2 Bg7 8.Nc4 O-O
9.g3 b6 10.a4 Na6 11.Bg2 Nb4 12.O-O Ba6 13.Nb5 Bxb5 14.axb5 Ne8 15.Bf4 a6
16.Qd2 Bf6 17.bxa6 Nxa6 18.e4 b5 19.Na5 Be5 20.Bg5 Bf6 21.Be3 Nb4 22.Nb7 Qc8
23.Rxa8 Qxb7 24.Rfa1 Nc7 25.Rxf8+ Kxf8 26.f4 Nca6 27.e5 dxe5 28.Bxc5+ Nxc5
29.Qxb4 Qb6 30.Ra5 Be7 31.Qxb5  1-0

[Event "3rd Open"]
[Site "Paleochora GRE"]
[Date "2010.07.24"]
[Round "4"]
[White "Fontaine,R"]
[Black "Iordachescu,V"]
[Result "1/2-1/2"]
[WhiteElo "2537"]
[BlackElo "2623"]

1.d4 Nf6 2.c4 e6 3.Nf3 c5 4.d5 d6 5.Nc3 exd5 6.cxd5 a6 7.a4 g6 8.g3 Bg7 9.Bg2 O-O
10.O-O Re8 11.Nd2 Nbd7 12.h3 Rb8 13.Nc4 Ne5 14.Na3 Nh5 15.e4 Bd7 16.Ne2 f5
17.f4 Nf7 18.Nc4 b5 19.axb5 Bxb5 20.Qc2 fxe4 21.g4 Nf6 22.Rd1 Nd7 23.Ra2 Bxc4
24.Qxc4 g5 25.Qc2 gxf4 26.Nxf4 Ng5 27.Ne6 Nxe6 28.dxe6 Rxe6 29.Bxe4 Kh8 30.Bf5 Bd4+
31.Kg2 Qe8 32.b3 Ne5 33.Qe4 Rf6 34.Rxa6 d5 35.Qe2 Nxg4 36.Re6 Rxe6 37.Qxe6 Nf6
38.Bg5 Qg8 39.h4 h6 40.Rxd4 Qxe6 41.Bxe6 hxg5 42.Rd1 g4 43.Rf1 Kg7 44.Rf5 Rxb3
45.Bxd5 Rd3 46.Be6 Rd2+ 47.Kg1 Ne4 48.Re5 Nf2 49.Bxg4 c4 50.Rg5+  1/2-1/2

[Event "Tch-POR 1st Div Final"]
[Site "Vila Nova de Gaia POR"]
[Date "2010.07.24"]
[Round "1.1"]
[White "Rubio Mejia,L"]
[Black "Neves,P"]
[Result "1-0"]
[WhiteElo "2354"]
[BlackElo "2084"]

1.d4 Nf6 2.c4 c5 3.d5 e6 4.Nc3 exd5 5.cxd5 d6 6.Nf3 g6 7.Nd2 Bg7 8.e4 O-O
9.Be2 b6 10.O-O Ba6 11.Re1 Re8 12.a4 Qd7 13.Bb5 Bxb5 14.axb5 Ng4 15.Nc4 Bd4
16.Rf1 Bxc3 17.bxc3 Ne5 18.Nxb6 axb6 19.Rxa8 Qxb5 20.Bf4 Na6 21.Rxe8+ Qxe8
22.Bxe5 Qxe5 23.Qd3 Nc7 24.c4 g5 25.Qg3 Qxg3 26.hxg3 b5 27.cxb5 Nxb5 28.f3 Kg7
29.Kf2 Nd4 30.Rb1 f5 31.Rb7+ Kf6 32.Rxh7 fxe4 33.fxe4 Ke5 34.Re7+ Kf6 35.Re8 Kf7
36.Rc8 Kf6 37.Ke3 Kf7 38.g4 Nc2+ 39.Kf2 Nd4 40.g3 Kf6 41.Ke3 Ke5 42.Re8+ Kf6
43.e5+ Kf7 44.Rc8 dxe5 45.Ke4 Ne2 46.Kxe5 Ke7 47.d6+ Kd7 48.Rc7+ Kd8 49.Rxc5 Nxg3
50.Ke6  1-0

[Event "15th Open"]
[Site "Balaguer ESP"]
[Date "2010.07.25"]
[Round "7"]
[White "Colovic,A"]
[Black "Andriasian,Z"]
[Result "1/2-1/2"]
[WhiteElo "2452"]
[BlackElo "2588"]

1.d4 Nf6 2.c4 c5 3.d5 e6 4.Nc3 exd5 5.cxd5 d6 6.Nf3 g6 7.Bg5 Bg7 8.Nd2 h6
9.Bh4 g5 10.Bg3 Nh5 11.Nc4 Nxg3 12.hxg3 O-O 13.e3 Qe7 14.Be2 Nd7 15.Nb5 Nf6
16.Nbxd6 Rd8 17.Nxc8 Raxc8 18.d6 Qe4 19.a4 Qe6 20.Qc2 Ne4  1/2-1/2

[Event "TCh-CHN"]
[Site "Shanghai CHN"]
[Date "2010.07.25"]
[Round "8"]
[White "Ju Wenjun"]
[Black "Ning Chunhong"]
[Result "1-0"]
[WhiteElo "2500"]
[BlackElo "2347"]

1.d4 Nf6 2.c4 c5 3.d5 e6 4.Nc3 exd5 5.cxd5 d6 6.Nf3 g6 7.Nd2 Bg7 8.e4 O-O
9.Be2 a6 10.a4 Re8 11.O-O Nbd7 12.Qc2 Rb8 13.Ra3 Qc7 14.h3 b6 15.Rb3 Ne5
16.Nd1 Qa7 17.Kh1 Qe7 18.f4 Ned7 19.Nc3 c4 20.Rb4 b5 21.Bf3 Nc5 22.axb5 Nd3
23.Rxc4 axb5 24.Rxc8 Rbxc8 25.Qxd3 b4 26.Ne2 Nd7 27.Nd4 Qf6 28.Nc6 h5 29.Nc4 Nc5
30.Qe3  1-0

[Event "TCh-CHN"]
[Site "Shanghai CHN"]
[Date "2010.07.25"]
[Round "8"]
[White "Xu Ruoying"]
[Black "Le Thanh Tu"]
[Result "1/2-1/2"]
[WhiteElo "2028"]
[BlackElo "2318"]

1.d4 Nf6 2.c4 c5 3.d5 e6 4.Nc3 exd5 5.cxd5 d6 6.Nf3 g6 7.Bf4 a6 8.a4 Bg7
9.e3 O-O 10.h3 Qe7 11.Be2 Nbd7 12.a5 Rb8 13.Nd2 Ne8 14.Nc4 Ne5 15.Nb6 Nc7
16.O-O Bd7 17.Ra3 Bb5 18.Bg3 f5 19.Qb3 Bxe2 20.Nxe2 Rfe8 21.Nc3 Kh8 22.Rd1 Red8
23.Qa4 Na8 24.b4 Nxb6 25.axb6 cxb4 26.Qxb4 Rbc8 27.Ne2 Rc5 28.Ra5 Rc4 29.Qb3 Rdc8
30.Bxe5 Bxe5 31.Ra4 Rc2 32.Ra2 R2c5 33.Ra4 Qd8 34.e4 fxe4 35.Rxe4 Rb5 36.Qe3 Bf6
37.Re6 Kg7 38.Nf4 Qxb6 39.Nh5+ gxh5 40.Qg3+ Kf7 41.Qf4 Qd8 42.Rxd6 Qe7 43.Re6 Qd8
44.Rd6 Qe7 45.Re6 Qd8 46.Rd6  1/2-1/2

[Event "3rd Open"]
[Site "Paleochora GRE"]
[Date "2010.07.28"]
[Round "8"]
[White "D'Costa,L"]
[Black "Bellos,I"]
[Result "1-0"]
[WhiteElo "2456"]
[BlackElo "1859"]

1.d4 Nf6 2.c4 c5 3.d5 e6 4.Nc3 exd5 5.cxd5 d6 6.Nf3 g6 7.h3 a6 8.a4 Bg7 9.e4 Nbd7
10.Bd3 Nh5 11.O-O O-O 12.Bg5 Bf6 13.Be3 Re8 14.Nd2 Rb8 15.Be2 Ng7 16.Qc2 Qe7
17.Rfe1 Nf8 18.Nc4 Bd7 19.Nb6 g5 20.Rab1 Be5 21.b4 cxb4 22.Rxb4 Qf6 23.Rc4 Qh6
24.Bf1 Nh5 25.Rc7 Nf6 26.f3 Qg6 27.Qd2 h6 28.Ne2 Red8 29.Rb1 Ne8 30.Rcc1 f5
31.Nxd7 Nxd7 32.exf5 Qxf5 33.Ba7 Rbc8 34.Nd4 Bxd4+ 35.Qxd4 Rxc1 36.Rxc1 Ndf6
37.Re1 Kf8 38.Bc4 Rc8 39.Bb3 Nc7 40.Rc1 Nce8 41.Re1 Kf7 42.Qd2 Rc7 43.Qe3 Ng7
44.Bb8 Rc8 45.Bxd6 Re8 46.Be7 Nxd5 47.Qc5 Ne6 48.Bxd5 Rxe7 49.Bxe6+ Rxe6
50.Qxf5+  1-0

[Event "TCh-MNE Premier League"]
[Site "Cetinje MNE"]
[Date "2010.08.01"]
[Round "9"]
[White "Lajthajm,B"]
[Black "Kovacevic,A"]
[Result "1/2-1/2"]
[WhiteElo "2493"]
[BlackElo "2581"]

1.d4 Nf6 2.c4 e6 3.Nf3 c5 4.d5 d6 5.Nc3 exd5 6.cxd5 g6 7.e4 a6 8.a4 Bg4 9.Be2 Bxf3
10.Bxf3 Bg7 11.Bf4 O-O 12.O-O Qe7 13.Qb3 Nbd7 14.Rfe1 Rab8 15.h3 Rfe8 16.Rad1 h5
17.Bg5 Qf8 18.g3 Nh7 19.Be3 h4 20.Bg4 Ndf6 21.gxh4 Nxe4 22.Bf4 Nhf6 23.Nxe4 Rxe4
24.Rxe4 Nxe4 25.Bf3 Re8 26.Qxb7 Be5 27.Bxe5 Rxe5 28.Qxa6 Qe7 29.Qc8+ Kg7
30.Qg4 Qe8 31.b3 c4 32.bxc4 Nf6 33.Qg3 Qxa4 34.c5 Ne4 35.Qg4 Nxc5 36.Qxa4 Nxa4
37.Rb1 Nc3 38.Rb6 Nxd5 39.Rxd6 Ne7 40.Rd7 Nf5 41.h5 g5 42.Kh2 Kf6 43.Bg4 Ra5
44.Rc7  1/2-1/2

[Event "Open"]
[Site "Szombathely HUN"]
[Date "2010.08.01"]
[Round "6"]
[White "Banusz,T"]
[Black "Flumbort,A"]
[Result "1-0"]
[WhiteElo "2529"]
[BlackElo "2540"]

1.d4 Nf6 2.c4 e6 3.Nf3 c5 4.d5 d6 5.Nc3 exd5 6.cxd5 g6 7.Bf4 Bg7 8.Nd2 Nh5
9.Qa4+ Kf8 10.Be3 Nd7 11.Nc4 Ne5 12.Nxe5 Bxe5 13.h3 Bd7 14.Qc2 f5 15.g4 Nf6
16.gxf5 Bxf5 17.Qd2 b5 18.Bg2 b4 19.Nd1 Ne4 20.Bxe4 Bxe4 21.f3 Bf5 22.Bg5 Qe8
23.Ne3 Qf7 24.Nc4 Bg3+ 25.Kf1 h5 26.h4 Kg7 27.Kg2 Be5 28.e4 Bd7 29.Nxe5 dxe5
30.Rac1 Rac8 31.b3 Kh7 32.Qe3 Bb5 33.Rxc5 Rxc5 34.Qxc5 Rf8 35.Qe3 Rc8 36.Rc1  1-0

[Event "111th US Open"]
[Site "Irvine USA"]
[Date "2010.08.05"]
[Round "?"]
[White "Sadorra,J"]
[Black "Akopian,R"]
[Result "1-0"]
[WhiteElo "2473"]
[BlackElo "2108"]

1.d4 Nf6 2.c4 c5 3.d5 e6 4.Nc3 exd5 5.cxd5 d6 6.Nf3 g6 7.Bf4 a6 8.e4 b5 9.Qe2 Be7
10.a4 b4 11.Nb1 O-O 12.Qc2 b3 13.Qxb3 Nxe4 14.Bd3 Nf6 15.O-O Nbd7 16.Nc3 Rb8
17.Qa2 Rb4 18.Bd2 Nb6 19.a5 c4 20.Nd4 Bd7 21.Nc2 Rb3 22.Be2 Rxc3 23.bxc3 Nbxd5
24.Bxc4 Bc6 25.Bh6 Re8 26.Nb4 Nxb4 27.Bxf7+ Kh8 28.cxb4  1-0

[Event "7th Marques Prol"]
[Site "Santos BRA"]
[Date "2010.08.09"]
[Round "1"]
[White "Aranha Filho,A"]
[Black "Rosito,J"]
[Result "1/2-1/2"]
[WhiteElo "2292"]
[BlackElo "2422"]

1.d4 Nf6 2.c4 e6 3.Nf3 c5 4.d5 d6 5.Nc3 exd5 6.cxd5 g6 7.g3 Bg7 8.Bg2 O-O
9.O-O Re8 10.Nd2 a6 11.a4 Nbd7 12.h3 Rb8 13.Nc4 Nb6 14.Na3 Bd7 15.e4 Qc7
16.Re1 Nc8 17.Qd3 Na7 18.a5 Qxa5 19.Bf4 Qc7 20.Nc4 Nb5 21.e5 Nh5 22.Nxd6 Nxd6
23.exd6 Qb6 24.Be3 Qxb2 25.Na4 Qf6 26.Nxc5 Bb5 27.Qd2 Qxd6 28.Rac1 Be5 29.Ne4 Qd8
30.Bd4  1/2-1/2

[Event "Open"]
[Site "Arad ROU"]
[Date "2010.08.12"]
[Round "9"]
[White "Grigore,Ge"]
[Black "Ardelean,Ge"]
[Result "1/2-1/2"]
[WhiteElo "2532"]
[BlackElo "2514"]

1.d4 Nf6 2.c4 c5 3.d5 e6 4.Nc3 exd5 5.cxd5 d6 6.Nf3 g6 7.Bf4 Bg7 8.h3 O-O
9.e3 Qe7 10.Be2 Nbd7 11.O-O Ne8 12.e4 Nc7  1/2-1/2

[Event "25th Open"]
[Site "Teteven BUL"]
[Date "2010.08.14"]
[Round "1"]
[White "Varbanov,V"]
[Black "Nikolov,J"]
[Result "1-0"]
[WhiteElo "2121"]
[BlackElo "2097"]

1.d4 Nf6 2.c4 e6 3.Nc3 c5 4.d5 exd5 5.cxd5 d6 6.Nf3 g6 7.Bg5 Bg7 8.Nd2 O-O
9.e3 a6 10.a4 Nbd7 11.Be2 Qc7 12.O-O Re8 13.Qb3 Ne5 14.h3 Rb8 15.f4 Ned7
16.e4 h6 17.Bh4 Nh7 18.Bd3 g5 19.Bg3 gxf4 20.Bxf4 Ne5 21.Be2 Bd7 22.Nc4 Nxc4
23.Qxc4 Nf8 24.Bh5 Ng6 25.Bg3 b5 26.Qd3 bxa4 27.Bxg6 fxg6 28.e5 Bf5 29.Qxa6 Bxe5
30.Bxe5 Rxe5 31.Rf2 Qe7 32.Qf1 Rb4 33.Rd2 Qg5 34.Rf2 Qe3 35.Kh2 h5 36.Re2 Qg5
37.Rxe5 dxe5 38.Qf2 Qf4+ 39.Qxf4 exf4 40.Rxa4 Rxa4 41.Nxa4 c4 42.Nb6 Bd3
43.h4 Kf7 44.d6 Ke6 45.d7 Ke7 46.Kg1 Be4 47.Kf2 Kd8 48.g3 fxg3+ 49.Kxg3 Bd3
50.Kf4 Ke7 51.Kg5 Kd8 52.Kf6 Be4 53.Nxc4 Kxd7 54.Ne5+ Kd6 55.Nxg6 Kc5 56.Nf4 Bf3
57.Kg5 Kb4 58.Nxh5 Kb3 59.Nf6 Kxb2 60.Ng4 Be4 61.h5  1-0

[Event "25th Open"]
[Site "Teteven BUL"]
[Date "2010.08.15"]
[Round "2"]
[White "Krustev,V"]
[Black "Filev,G"]
[Result "0-1"]
[WhiteElo "2002"]
[BlackElo "2378"]

1.d4 Nf6 2.Nf3 c5 3.d5 e6 4.c4 exd5 5.cxd5 d6 6.Nc3 g6 7.g3 Bg7 8.Bg2 O-O
9.O-O Na6 10.Nd2 Rb8 11.a4 Nc7 12.Nc4 Re8 13.Bf4 Bf8 14.e4 Nh5 15.Qd2 f6
16.Rad1 b6 17.Rfe1 Ba6 18.b3 Nxf4 19.Qxf4 Qe7 20.Bh3 Rbd8 21.Bf1 Bg7 22.Qc1 Bc8
23.Bg2 Qf8 24.f4 Kh8 25.b4 cxb4 26.Na2 Na6 27.Qb1 b3 28.Qxb3 Nc5 29.Qa3 Ba6
30.Rc1 f5 31.Nb4 fxe4 32.Nxa6 Nxa6 33.Bxe4 Qf6 34.Kg2 Nc5 35.Bf3 h6 36.Nd2 Qd4
37.Qa2 Nd3 38.Rxe8+ Rxe8 39.Rc7 Qf2+ 40.Kh3 Qg1 41.Ne4 Rxe4  0-1

[Event "49th WJun"]
[Site "Chotowa POL"]
[Date "2010.08.16"]
[Round "13"]
[White "Sagar,S"]
[Black "Rasulov,Vu"]
[Result "0-1"]
[WhiteElo "2285"]
[BlackElo "2442"]

1.d4 Nf6 2.c4 c5 3.d5 e6 4.Nc3 exd5 5.cxd5 d6 6.Nf3 g6 7.Bg5 Bg7 8.Nd2 h6
9.Bh4 a6 10.a4 g5 11.Bg3 Nh5 12.e3 Nxg3 13.hxg3 Nd7 14.Bd3 Ne5 15.Qc2 Nxd3+
16.Qxd3 Rb8 17.a5 Bd7 18.Nc4 Bb5 19.Qe4+ Kf8 20.Nb6 h5 21.Ra3 Qe7 22.Qf5 Kg8
23.Rb3 Be8 24.Ne4 g4 25.Nd2 Bb5 26.Rxh5 Rxh5 27.Qxh5 c4 28.Nbxc4 Rc8 29.Qxg4 Rc5
30.Rd3 f5 31.Qf4 Be5 32.Nxe5 Rc1+ 33.Ke2 Qxe5 34.Qd4 Qxd4 35.exd4 Ra1 36.b3 Bxd3+
37.Kxd3 Rxa5 38.Kc4 Ra2 39.Kc3 Kf7 40.f3 b5 41.g4 f4 42.Ne4 Ke7 43.g3 fxg3
44.Nxg3 Rf2 45.Nf5+ Kd7 46.Nh4 Rh2 47.Ng6 Rh3 48.Nf8+ Kc8 49.Kb4 Rxf3 50.Ne6 Kb7
51.g5 Kb6 52.g6 a5+ 53.Ka3 a4 54.g7 Rxb3+ 55.Ka2 Rg3  0-1

[Event "25th Open"]
[Site "Schwarzach AUT"]
[Date "2010.08.21"]
[Round "1"]
[White "Bodiroga,P"]
[Black "Goris,T"]
[Result "1-0"]
[WhiteElo "2406"]
[BlackElo "2061"]

1.d4 e6 2.Nf3 Nf6 3.c4 c5 4.d5 exd5 5.cxd5 d6 6.Nc3 g6 7.Bf4 a6 8.e4 b5 9.Qe2 Nh5
10.Bg5 f6 11.Bd2 Nd7 12.g4 Ng7 13.g5 Ne5 14.gxf6 Qxf6 15.Nxe5 dxe5 16.O-O-O Bd6
17.f4 O-O 18.f5 gxf5 19.exf5 Bxf5 20.Bg2 Bg6 21.Ne4 Bxe4 22.Bxe4 Qh4 23.Rhg1 Rf2
24.Qe3 Rf4 25.Bc2 Raf8 26.Qa3 Rd4 27.Qxa6 Rxd5 28.Qb7 Bc7  1-0

[Event "TCh-SRB 1st League"]
[Site "Vrnjacka Banja SRB"]
[Date "2010.08.22"]
[Round "2"]
[White "Barlov,D"]
[Black "Ostojic,N1"]
[Result "1-0"]
[WhiteElo "2493"]
[BlackElo "2455"]

1.d4 Nf6 2.c4 e6 3.Nf3 c5 4.d5 d6 5.Nc3 exd5 6.cxd5 g6 7.Bf4 a6 8.a4 Bg7
9.e3 O-O 10.h3 Qe7 11.Be2 Nbd7 12.O-O Ne8 13.Re1 h6 14.e4 g5 15.Bg3 Ne5 16.a5 Nxf3+
17.Bxf3 Rb8 18.Qb3 Be5 19.Bxe5 Qxe5 20.Na4 b5 21.axb6 Nf6 22.Qc3 Re8 23.Qxe5 Rxe5
24.b4 cxb4 25.Nb2 Nd7 26.Nc4 Re7 27.Reb1 a5 28.Rxa5 Nxb6 29.Rb5 Nd7 30.Rxb8 Nxb8
31.Nxd6 Bd7 32.Rxb4 Na6 33.Rb7 Nc5 34.Rc7 Na6 35.Ra7 Nc5 36.Bg4 Kf8 37.Bxd7 Rxd7
38.Ra8+ Kg7 39.Nf5+ Kh7 40.f3  1-0

[Event "TCh-SRB 1st League"]
[Site "Vrnjacka Banja SRB"]
[Date "2010.08.27"]
[Round "7"]
[White "Abramovic,B"]
[Black "Ivanisevic,I"]
[Result "1/2-1/2"]
[WhiteElo "2491"]
[BlackElo "2611"]

1.d4 Nf6 2.c4 e6 3.Nf3 c5 4.d5 d6 5.Nc3 exd5 6.cxd5 g6 7.g3 Bg7 8.Bg2 O-O
9.O-O Re8 10.Bf4 Nh5 11.Bg5 Qd7 12.a4 h6 13.Bd2 Na6 14.Ne1 Nb4 15.Nc2 b6
16.Re1 Nf6 17.Nxb4 cxb4 18.Nb5 a6 19.Nd4 Bb7 20.Bxb4 Nxd5 21.Ba3 Nf6 22.Bxb7 Qxb7
23.Rc1 Rac8 24.Qd3 Ne4 25.b4 Rxc1 26.Bxc1 Rc8 27.Bb2 Qd5 28.Rd1 Ng5 29.f3 Rc4
30.h4 Rxb4 31.Bc3 Bxd4+ 32.Bxd4 Ne6 33.Bf6 Qxd3 34.Rxd3 g5 35.h5 g4 36.Rxd6 Ng7
37.Bc3 Rc4 38.Be5 Kh7 39.Rxb6 Rxa4 40.Rf6 Ra5 41.Bc3 Rc5 42.Bd4 Rd5 43.Be3 Nxh5
44.Rxf7+ Kg8 45.Ra7 gxf3  1/2-1/2

[Event "TCh-SRB 1st League"]
[Site "Vrnjacka Banja SRB"]
[Date "2010.08.28"]
[Round "8"]
[White "Antic,De"]
[Black "Leskur,D"]
[Result "1/2-1/2"]
[WhiteElo "2504"]
[BlackElo "2426"]

1.d4 Nf6 2.c4 c5 3.d5 e6 4.Nc3 exd5 5.cxd5 d6 6.Nf3 g6 7.Nd2 Nbd7 8.e4 a6
9.a4 Bg7 10.Be2 O-O 11.O-O Re8 12.f4 Rb8 13.Kh1 Qc7 14.e5 dxe5 15.Nc4 b5
16.axb5 axb5 17.Nxe5 c4 18.Nc6 Rb7 19.Ne7+ Kh8 20.f5 Qd6 21.Nxc8 Rxc8 22.Bf4 Qc5
23.fxg6 fxg6 24.Ra6 Rb6 25.Ra7 Qe7 26.Bc7 Qc5 27.Bxb6 Qxb6 28.Qa1 b4 29.Ra8 Nb8
30.Na4 Qb7 31.Ra5 Nbd7 32.d6 Qb8 33.Qd1 c3 34.Rb5 Qa7 35.Rxb4 c2 36.Qc1 Qa5
37.Rd4 Nd5 38.Rc4 Re8 39.Qxc2 Ne3 40.Re4 Nxc2 41.Rxe8+ Bf8 42.Nc3 Kg7 43.Bb5 Bxd6
44.Bxd7 Nb4 45.Rd1 Be5 46.Re7+ Kh6 47.Ne4 Nd3 48.g4 Bf6 49.Nxf6 Nf2+ 50.Kg2 Nxd1
51.h4 Qd2+ 52.Kf3 Qd3+ 53.Kg2 Qd2+ 54.Kf3 Qd3+  1/2-1/2

[Event "TCh-SUI 2010"]
[Site "Switzerland SUI"]
[Date "2010.08.29"]
[Round "7.7"]
[White "Rindlisbacher,J"]
[Black "Herzog,Mar"]
[Result "1-0"]
[WhiteElo "2088"]
[BlackElo "2161"]

1.d4 Nf6 2.c4 e6 3.Nf3 c5 4.d5 exd5 5.cxd5 d6 6.Nc3 g6 7.h3 Bg7 8.e4 O-O
9.Bd3 b5 10.Bxb5 Nxe4 11.Nxe4 Qa5+ 12.Nfd2 Qxb5 13.Nxd6 Qd7 14.N2c4 Ba6 15.O-O Rd8
16.Bg5 f6 17.Be3 Bf8 18.Ne4 Kg7 19.b3 Qxd5 20.Qf3 Nd7 21.Rfd1 Qe6 22.Rxd7+ Rxd7
23.Nxc5 Bxc5 24.Qxa8 Bb7 25.Qb8 Qe4 26.Qg3 Bxe3 27.Nxe3 f5 28.Rc1 f4 29.Qg4 Re7
30.Nc4 Bd5 31.Nd2 Qd4 32.Nf3 Qf6 33.Rc5 h5 34.Qg5 Bxf3 35.gxf3 Qxg5+ 36.Rxg5 Kf6
37.h4 Rc7 38.Ra5 Rc1+ 39.Kg2 Rc7 40.Kf1 Re7 41.b4 Rb7 42.a3 Re7 43.Rc5 Re6
44.b5 a6 45.a4 Ke7 46.Rc7+ Kd8 47.Rc4 axb5 48.axb5 Rb6 49.Rc5 Re6 50.Rc4 Rb6
51.Rb4 Kd7 52.Ke2 Ke6 53.Kd3 Kf5 54.Kc4 g5 55.hxg5 h4 56.Kc5 Rb8 57.Rb1 Rc8+
58.Kd6 h3 59.b6 Rh8 60.b7 h2 61.Rh1 Kxg5 62.Kc7 Rh7+ 63.Kb6 Rh6+ 64.Ka7 Rh7
65.Ka8  1-0

[Event "TCh-SUI 2010"]
[Site "Switzerland SUI"]
[Date "2010.08.29"]
[Round "7.7"]
[White "Gruenenwald,J"]
[Black "Sutter,O"]
[Result "1-0"]
[WhiteElo "2336"]
[BlackElo "2368"]

1.d4 Nf6 2.c4 e6 3.Nf3 c5 4.d5 exd5 5.cxd5 d6 6.Nc3 g6 7.e4 Bg7 8.Bg5 h6
9.Bh4 O-O 10.Nd2 a6 11.a4 Nbd7 12.Be2 Re8 13.O-O Qc7 14.f4 c4 15.Kh1 Nc5
16.e5 dxe5 17.fxe5 Nfd7 18.d6 Qc6 19.Bf3 Qb6 20.Nxc4 Qb4 21.Bd5 Nxe5 22.Nxe5 Rxe5
23.Bxf7+ Kh7 24.Bg3 Bg4 25.Qc2 Bf5 26.Qd2 Rd8 27.Rf4 Qb6 28.Rd1 Nd3 29.Rxf5 Rxf5
30.Bxg6+ Kxg6 31.Qxd3 Qxb2 32.Nd5 Bf6 33.Rf1  1-0

[Event "TCh-CHN"]
[Site "Guangzhou CHN"]
[Date "2010.09.11"]
[Round "11"]
[White "Zhao Xue"]
[Black "Ning Chunhong"]
[Result "1-0"]
[WhiteElo "2490"]
[BlackElo "2347"]

1.d4 Nf6 2.c4 c5 3.d5 e6 4.Nc3 exd5 5.cxd5 d6 6.Nf3 g6 7.Nd2 Bg7 8.e4 O-O
9.Be2 a6 10.a4 Re8 11.O-O Nbd7 12.Kh1 Rb8 13.f4 c4 14.e5 dxe5 15.Nxc4 e4
16.Be3 Qe7 17.a5 Qf8 18.d6 Re6 19.Qc2 Ne8 20.Nxe4 Nef6 21.Ng5 Re8 22.Rad1 h6
23.Nf3 Ng4 24.Ba7 Ra8 25.Bg1 Ndf6 26.Nh4 Bd7 27.h3 Rxe2 28.Qxe2 Nh5 29.Rd3 Qd8
30.Qe7  1-0

[Event "EYCC Boys U18"]
[Site "Batumi GEO"]
[Date "2010.09.23"]
[Round "4"]
[White "Nikolashvili,G"]
[Black "Bregadze,L"]
[Result "1-0"]
[WhiteElo "2294"]
[BlackElo "2415"]

1.d4 Nf6 2.c4 c5 3.d5 e6 4.Nc3 exd5 5.cxd5 d6 6.Nf3 g6 7.g3 Bg7 8.Bg2 O-O
9.O-O Re8 10.Nd2 a6 11.a4 Nbd7 12.Nc4 Ne5 13.Na3 Nh5 14.h3 f5 15.e4 Rf8 16.f4 Nxg3
17.fxe5 Nxf1 18.Qxf1 b5 19.Nc2 Bxe5 20.Nd1 Qh4 21.Ra3 fxe4 22.Qe1 Qh5 23.Nf2 Bd7
24.Re3 Rae8 25.Bd2 b4 26.b3 Rf3 27.Qe2 Qh4 28.Bxf3 exf3 29.Qxf3 Rf8 30.Qg2 c4
31.Re4 Qg3 32.Qxg3 Bxg3 33.Nh1 cxb3 34.Nxg3 bxc2 35.Rxb4 Rf3 36.Kg2 Rd3 37.Bh6 g5
38.Rc4 Bxa4 39.Rc7 Rd2+ 40.Kf3 Rd3+ 41.Kf2 Rd2+ 42.Ke3 Rxd5 43.Ne4 c1=Q+
44.Rxc1 Kf7 45.Bxg5 Bb5 46.h4 Rd3+ 47.Kf4 Rd4 48.Kf3 Kg6 49.Rc8 a5 50.Ke3 Rd3+
51.Kf4 h6 52.Bf6 Rd1 53.Rg8+ Kf7 54.Rg7+ Kf8 55.Ra7 Rf1+ 56.Kg3 Kg8 57.Nxd6 Bc6
58.Be5 h5 59.Rxa5 Rf3+ 60.Kh2 Rf2+ 61.Kg1 Rg2+ 62.Kf1 Rc2 63.Ra7 Bd5 64.Rg7+ Kf8
65.Rh7 Be6 66.Rxh5 Bh3+ 67.Ke1 Ke7 68.Nf5+ Kf7 69.Nd4 Ra2 70.Rg5  1-0

[Event "EYCC Boys U18"]
[Site "Batumi GEO"]
[Date "2010.09.23"]
[Round "4"]
[White "Gorduladze,G"]
[Black "Demac,E"]
[Result "0-1"]
[WhiteElo "1809"]
[BlackElo "2226"]

1.d4 Nf6 2.Nf3 e6 3.c4 c5 4.d5 exd5 5.cxd5 d6 6.Nc3 g6 7.e4 Bg7 8.Bd3 O-O
9.O-O Bg4 10.h3 Bxf3 11.Qxf3 a6 12.a4 Nbd7 13.Bf4 Qe7 14.Qg3 Ne5 15.Bxe5 dxe5
16.Be2 Ne8 17.a5 Nd6 18.Qe3 c4 19.Na4 Qh4 20.Nb6 Rad8 21.f3 f5 22.Nxc4 Bh6
23.Qc3 Nb5 24.Qe1 Qf6 25.Bd3 Rfe8 26.Qb4 Bf8 27.Qb3 Bc5+ 28.Kh1 Nd4 29.Qa4 f4
30.Rac1 Ba7 31.Nd2 Re7 32.Nb3 g5 33.Nxd4 Bxd4 34.Rc2 Rg7 35.Qa3 h5 36.Be2 Kh8
37.d6 Be3 38.Rd1 g4 39.Rc7 gxh3 40.Rxg7 Qxg7 41.gxh3 Qg3  0-1

[Event "TCh-NED Meesterklasse 2010-11"]
[Site "Netherlands NED"]
[Date "2010.09.25"]
[Round "1.10"]
[White "Van Wessel,R"]
[Black "Tjiam,D"]
[Result "1-0"]
[WhiteElo "2380"]
[BlackElo "2398"]

1.d4 Nf6 2.Nf3 e6 3.c4 c5 4.d5 exd5 5.cxd5 d6 6.Nc3 g6 7.h3 a6 8.a4 Qe7 9.Bf4 Bg7
10.Nd2 Nbd7 11.Nc4 Ne5 12.Bxe5 dxe5 13.e3 O-O 14.d6 Qd8 15.Qb3 Be6 16.Qxb7 Bxc4
17.Bxc4 Qxd6 18.O-O Rab8 19.Qxa6 Qd2 20.Nb5 Qb4 21.b3 Ne4 22.Qa7 Rbd8 23.Qc7 Kh8
24.a5 Rc8 25.Qb7 Nd2 26.Ra4 Rb8 27.Qd5 Rbd8 28.Rxb4 Rxd5 29.Bxd5  1-0

[Event "EYCC Boys U18"]
[Site "Batumi GEO"]
[Date "2010.09.26"]
[Round "7"]
[White "Stanciu,Al"]
[Black "Bregadze,L"]
[Result "0-1"]
[WhiteElo "2280"]
[BlackElo "2415"]

1.d4 Nf6 2.c4 e6 3.Nf3 c5 4.d5 exd5 5.cxd5 d6 6.Nc3 g6 7.Bf4 a6 8.a4 Bg7
9.h3 O-O 10.e3 Qe7 11.Be2 Nbd7 12.O-O Ne8 13.Nd2 Ne5 14.Bh2 f5 15.Kh1 Nf6
16.Qb3 Bd7 17.Qb6 Rfc8 18.Rae1 Qd8 19.Qb3 Rab8 20.Bxe5 dxe5 21.Nc4 b5 22.Nxe5 c4
23.Qd1 b4 24.Na2 Ne4 25.Nxc4 b3 26.Nc1 Bxa4 27.d6 Kh8 28.Qd5 Rc5 29.Qe6 Bd7
30.Qe7 Qc8 31.Bd3 Bf6 32.Qf7 Be6 33.d7 Bxf7 34.dxc8=Q+ Rbxc8 35.Bxe4 Rxc4
36.Bb7 R8c7 37.Bxa6 R4c6 38.Bd3 Bxb2 39.Ne2 Rd6 40.Bb1 Bc4 41.Rg1 Rd2 42.Nf4 Be5
43.f3 b2 44.h4 Re7 45.Kh2 Bd6 46.Rd1 Bb4 47.e4 fxe4  0-1

[Event "EYCC Girls U12"]
[Site "Batumi GEO"]
[Date "2010.09.28"]
[Round "9"]
[White "Rakic,Te"]
[Black "Tedoshvili,Ana"]
[Result "1-0"]
[WhiteElo "1708"]
[BlackElo "1493"]

1.d4 Nf6 2.c4 e6 3.Nf3 c5 4.d5 exd5 5.cxd5 d6 6.Nc3 g6 7.g3 Bg7 8.Bg2 Bg4
9.O-O O-O 10.h3 Bxf3 11.Bxf3 Nbd7 12.e4 Re8 13.Qc2 a6 14.a4 Rb8 15.Bg2 b5
16.axb5 axb5 17.Kh2 b4 18.Nd1 Nb6 19.Ne3 Qc7 20.Nc4 Nxc4 21.Qxc4 Nd7 22.f4 Nb6
23.Qc2 Ra8 24.Be3 Qe7 25.Bf2 Qc7 26.Rfe1 Rec8 27.Qe2 Re8 28.Rxa8 Nxa8 29.Ra1 Qe7
30.Qc2 Nb6 31.Ra2 Qb7 32.b3 Nd7 33.Ra5 Ra8 34.Qa2 Nb6 35.Rxa8+ Qxa8 36.Qxa8+ Nxa8
37.e5 Bf8 38.g4 Nc7 39.Bg3 Nb5 40.Bf1 Nd4 41.Bc4 f5 42.Bf2 Nf3+ 43.Kg3 Nd2
44.Be3 Nxc4 45.bxc4 Kf7 46.Bc1 Bg7 47.Bb2 Ke7 48.exd6+ Kxd6 49.Bxg7  1-0

[Event "Highlands Open"]
[Site "Zdar nad Sazavou CZE"]
[Date "2010.09.28"]
[Round "5"]
[White "Ivanov,MM"]
[Black "Kratochvil,Jo"]
[Result "1-0"]
[WhiteElo "2438"]
[BlackElo "2234"]

1.d4 Nf6 2.c4 e6 3.Nc3 c5 4.d5 exd5 5.cxd5 d6 6.Nf3 g6 7.Bf4 Bg7 8.h3 O-O
9.e3 Na6 10.Bxa6 bxa6 11.Nd2 Rb8 12.Nc4 Rb4 13.Qe2 Bb7 14.a3 Rb3 15.Bxd6 Re8
16.O-O Nxd5 17.Na4 Rb5 18.Bg3 Re6 19.Rad1 Qe7 20.Rd2 h5 21.Rfd1 h4 22.Bh2 Qg5
23.Qg4 Qxg4 24.hxg4 Re4 25.b3 Rxb3 26.Nxc5 Rxc4 27.Nxb3 Nc3 28.Na5 Nxd1 29.Nxc4 Nc3
30.Rd8+ Kh7 31.Be5 Bd5 32.Bxc3 Bxc4 33.Bxg7 Kxg7 34.g5  1-0

[Event "21st Open"]
[Site "Goch GER"]
[Date "2010.09.30"]
[Round "1.4"]
[White "Schorr,J"]
[Black "Mladenov,Sv"]
[Result "0-1"]
[WhiteElo "1936"]
[BlackElo "2436"]

1.d4 Nf6 2.c4 e6 3.Nf3 c5 4.d5 exd5 5.cxd5 d6 6.Nc3 g6 7.Bf4 a6 8.a4 Bg7
9.e3 Qe7 10.Bd3 Bg4 11.h3 Bxf3 12.Qxf3 Nbd7 13.Bc2 O-O 14.a5 Rab8 15.O-O b5
16.axb6 Rxb6 17.Ba4 Rxb2 18.Bc6 Ne5 19.Qd1 Nh5 20.Bh2 Qh4 21.Ra4 Rb4 22.Qc2 Nxc6
23.dxc6 Bxc3  0-1